Music Quiz

Random Music or Song Quiz

Lilith Fair Musicians Quiz Stats

 Plays Quiz Updated Jan 16, 2020

Support Sporcle.
Go Orange.
Score 0/28 Timer 08:00
0 Plays Today
Song Singer/Group % Correct
'All I Wanna Do'Sheryl Crow
82.8%
'Nothing Compares 2 U'Sinéad O'Connor
71.9%
'Fast Car'Tracy Chapman
63.2%
'You Were Meant For Me'Jewel
56.9%
'Bitch'Meredith Brooks
56.9%
'Criminal'Fiona Apple
53.8%
'I Will Remember You'Sarah McLachlan
52.3%
'Stay (I Missed You)'Lisa Loeb
46.5%
'Lovefool'The Cardigans
44.8%
'Kiss Me'Sixpence None the Richer
44.4%
'Cowboy Take Me Away'The Dixie Chicks/The Indigo Girls
43.4%
'Something to Talk About'Bonnie Raitt
41.5%
'I Don't Want to Wait'Paula Cole
40.5%
'The Rain (Supa Dupa Fly)'Missy Elliott
36.9%
Song Singer/Group % Correct
'One of Us'Joan Osborne
35.1%
'Brass in Pocket'The Pretenders
34.2%
'Sunny Came Home'Shawn Colvin
34.1%
'Angel of Mine'Monica
28.1%
'Luka'Suzanne Vega
27.5%
'Carnival'Natalie Merchant
25.8%
'U.N.I.T.Y.'Queen Latifah
18.1%
'Case of the Ex'Mýa
16.7%
'Naked Eye'Luscious Jackson
15.6%
'Supernova'Liz Phair
14.4%
'Mother Mother'Tracy Bonham
11.9%
'Nobody's Supposed to Be Here'Deborah Cox
7.7%
'Wrong Again'Martina McBride
5%
'My Side of the Bed'Susanna Hoffs
2.9%

From the Vault

Sitcom Theme Openings

by Qaqaq

Sometimes the best thing about a show is its catchy theme song.
Remove Ads.
Support Sporcle.
Get the best of Sporcle when you Go Orange. This ad-free experience offers more features, more stats, and more fun while also helping to support Sporcle. Thank you for becoming a member.

Show Comments

Extras

Top Quizzes Today


Score Distribution

Your Account Isn't Verified!

In order to create a playlist on Sporcle, you need to verify the email address you used during registration. Go to your Sporcle Settings to finish the process.

Report this User

Report this user for behavior that violates our Community Guidelines.

Details: